| 000 | 00519nam a22001817a 4500 | ||
|---|---|---|---|
| 005 | 20231110080152.0 | ||
| 008 | 231110b |||||||| |||| 00| 0 eng d | ||
| 020 | _a9780409035155 | ||
| 041 | _aEnglish | ||
| 082 | _a346.1 HEA | ||
| 100 |
_aHeaton, J _lEnglish |
||
| 245 |
_aSouth African Family Law / _cJ Heaton |
||
| 250 | _aThird Edition | ||
| 260 |
_aDurban : _bLexisNexis, _c2010 |
||
| 300 |
_bxvii, 391 pages ; _c25 cm. |
||
| 650 |
_aLegal practice _bLaw |
||
| 942 |
_cBK _6ALISON_BN_VRIES |
||
| 999 |
_c514 _d514 |
||